000 01023nam a2200229Ia 4500
001 L107-646
003 IT-CnALBA
008 170116s9999||||xx |||||||||||||| ||und||
040 _aIT-CnALBA
_cIT-CnALBA
041 _aITALIANO
100 _aGUITTON JEAN, ACCADEMICO DI FRANCIA
245 0 _aATTUALITÀ DI S. AGOSTINO.
250 _a1a ed.
260 _aCINISELLO BALSAMO (MI)
_bEDIZIONI PAOLINE
_c1963 [1° Ed.: n.d.]
300 _a106 p.
500 _aL'UOMO STORICO INTERIORE: FREUD PRUST GIDE SARTRE. HEGEL E L'UOMO STORICO TOTALE. UNIONE DELLE DUE STORIE: INTERIORE ESTERIORE. S. ADOSTINO E LA STORIE DELL'EUROPA.
501 _aSocietà San Paolo EM - Piazza San Paolo, 14 - 12051 ALBA (CN) (non commercial uses only) ® Copyright 2017
520 _aL'UOMO STORICO INTERIORE: FREUD PRUST GIDE SARTRE. HEGEL E L'UOMO STORICO TOTALE. UNIONE DELLE DUE STORIE: INTERIORE ESTERIORE. S. ADOSTINO E LA STORIE DELL'EUROPA.
650 _aSTUDIO E INSEGNAMENTO DELLA FILOSOFIA
942 _cBK
957 _71
999 _a745
_bNO
_g Copie: 1
_c259882
_d259882